FOOTBALL - Les Loosers de la Ligue des Champions - Statistiques

Statistiques générales
  • Ce quiz a été pris 72 fois
  • Le résultat moyen est 4 sur 23
Statistiques - réponses
Année Réponse % Correct
2013-2014 Olympique de Marseille
95%
2004-2005 Anderlecht
29%
2017-2018 Benfica Lisbonne
24%
2016-2017 Club Bruges
18%
2007-2008 Dynamo Kiev
18%
2022-2023 Glasgow Rangers
18%
2018-2019 AEK Athènes
17%
2011-2012 Villarreal
17%
2021-2022 Beşiktaş JK
15%
2010-2011 Partizan Belgrade
15%
2002-2003 Spartak Moscou
15%
2011-2012 Dinamo Zagreb
14%
2016-2017 Dinamo Zagreb
14%
2015-2016 Maccabi Tel Aviv
14%
2009-2010 Maccabi Haïfa
12%
2002-2003 Bayer Leverkusen
9%
2022-2023 FC Viktoria Plzeň
9%
2005-2006 Rapid Vienne
9%
2006-2007 Levski Sofia
8%
2010-2011 Debreceni VSC
2%
1997-1998 FC Košice
2%
2001-2002 Fenerbahçe SK
2%
2011-2012 Oțelul Galați
2%
Aucun quiz correspondant
Distribution des résultats
% des personnes avec chaque résultat
Percentile par nombre de réponses
Votre historique - résultats
Vous n’avez pas pris ce quiz